| Tag |
First Indicator |
Second Indicator |
Subfields |
| LEADER |
00000cam a2200000 a 4500 |
| 001 |
in00002139489 |
| 006 |
m e d # |
| 007 |
cr mn mmmmabba |
| 008 |
830906s1766 pau s 000 0 eng d |
| 005 |
20260331142827.6 |
| 035 |
|
|
|z t088063
|
| 035 |
|
|
|z w037093
|
| 035 |
|
|
|a MAAR8309063903B
|
| 035 |
|
|
|9 mwa91-51723
|
| 035 |
|
|
|a 317221
|
| 035 |
|
|
|a aas03037093
|
| 040 |
|
|
|a MWA
|c MWA
|e bdrb
|d UtOrBLW
|
| 100 |
1 |
|
|a Dickinson, John,
|d 1732-1808.
|
| 245 |
1 |
3 |
|a An address to the Committee of Correspondence in Barbados :
|b Occasioned by a late letter from them to their agent in London. /
|c By a North-American. ; [Two lines from Shakespeare].
|
| 264 |
|
3 |
|a Philadelphia :
|b Printed and sold by William Bradford, at his book-store in Market-Street, adjoining the London Coffee-House,
|c M,DCC,LXVI. [1766]
|
| 300 |
|
|
|a 2 unnumbered pages, vi, 18 pages, 2 unnumbered pages ;
|c 20 cm. (octavo)
|
| 336 |
|
|
|a text
|b txt
|2 rdacontent
|
| 337 |
|
|
|a computer
|b c
|2 rdamedia
|
| 338 |
|
|
|a online resource
|b cr
|2 rdacarrier
|
| 500 |
|
|
|a Attributed to John Dickinson by Evans.
|
| 500 |
|
|
|a "A letter from the Committee of Correspondence in Barbados, to their agent in London."--p. ii-iv.
|
| 510 |
4 |
|
|a Evans
|c 10283
|
| 510 |
4 |
|
|a Hildeburn, C.R. Pennsylvania,
|c 2209
|
| 510 |
4 |
|
|a Adams, T.R. Amer. pamphlets,
|c 27
|
| 530 |
|
|
|a Microform version available in the Readex Early American Imprints series.
|
| 533 |
|
|
|a Electronic text and image data.
|b [Chester, Vt. :
|c Readex, a division of Newsbank, Inc.,
|d 2002-2004.
|e Includes files in TIFF, GIF and PDF formats with inclusion of keyword searchable text.
|f (Early American imprints. First series ; no. 10283).
|
| 500 |
|
|
|a Electronic resource.
|
| 610 |
1 |
0 |
|a Great Britain.
|t Stamp Act (1765)
|
| 710 |
1 |
|
|a Barbados.
|b Committee of Correspondence.
|
| 752 |
|
|
|a United States
|b Pennsylvania
|d Philadelphia.
|
| 830 |
|
0 |
|a Early American imprints.
|n Series I,
|p Evans (1639-1800) ;
|v no. 10283.
|
| 856 |
4 |
1 |
|u http://proxy.library.tamu.edu/login?url=https://opac.newsbank.com/select/evans/10283
|y Evans Digital Edition
|t 0
|
| 999 |
|
|
|a MARS
|
| 999 |
f |
f |
|s 89876d20-ef0a-384b-adbc-ff2bbf4745f9
|i 6fc72a7f-0fdf-30ef-b07e-8deb0020e3b5
|t 0
|
| 952 |
f |
f |
|a Texas A&M University
|b College Station
|c Electronic Resources
|s www_evans
|d Available Online
|t 0
|h No information provided
|
| 998 |
f |
f |
|t 0
|l Available Online
|